Personnages d'Alice in Borderland par images - Statistiques

Statistiques générales
  • Ce quiz a été pris 982 fois
  • Le résultat moyen est 10 sur 16
Statistiques - réponses
Par images Réponse % Correct
Ryōhei Arisu
98%
Rizuna Ann
82%
Hikari Kuina
74%
Yuzuha Usagi
73%
Daikichi Karube
72%
Shuntarô Chisiya
68%
Morizono Aguni
67%
Chōta Segawa
66%
Kano Mira | La Reine de Cœur
62%
Kōdai Tatta
62%
Suguru Niragi
59%
Ginji Kyuma | Le Roi de Trèfle
51%
Boshiya Hatter | Le Chapelier
48%
Isao Shirabi | Le Roi de Pique
48%
Risa | La Reine de Pique
37%
Takatora Samura | Le dernier Boss
19%
Aucun quiz correspondant
Distribution des résultats
% des personnes avec chaque résultat
Percentile par nombre de réponses
Votre historique - résultats
Vous n’avez pas pris ce quiz